LDR 00685naa#a2200193#i#450# 001 EN\\bibl\119798 005 20260418163053.6 011 ## _a1819-4036 100 ## _a20210226b2021####ek#y0engy0150####ca 102 ## _aRU 200 1# _aPATHOMORPHOLOGICAL CHANGES IN THE ORGANS OF CATTLE KEPT IN A TECHNOGENIC PROVINCE _eJournal article 210 1# _aKrasnoyarsk _cKrasnoyarsk State Agrarian University _d2021 215 ## _a6 с. 608 ## _aJournal article _2local 675 ## _aСравнительная патология. Ветеринария. 619 _z 700 #1 _aGertman _gAleksandr Mihaylovich 700 #1 _aSamsonova _gTat'yana Sergeevna 700 #1 _aMaksimovich _gDina Mratovna 856 4# _asej.kgau.ru _u